Konštrukčný projekt : Konštrukcie z pórovitého betónu

Enregistré dans:
Détails bibliographiques
Auteur principal: Gáborík, Milan (Auteur)
Format: Livre
Langue:slovaque
Publié: Bratislava : SVŠT v Bratislave, 1968
Tags: Ajouter un tag
Pas de tags, Soyez le premier à ajouter un tag!

MARC

LEADER 00000nam a22000003a 4500
001 stu93262
005 20150617225617.1
008 050310s1968----cs------------------slo-d
040 |a STU  |b slo 
041 0 |a slo 
044 |a cs 
080 |a 624.012.3/.4(075.8) 
080 |a 691.3(075.8) 
100 1 |a Gáborík, Milan  |4 aut 
245 1 |a Konštrukčný projekt :  |b Konštrukcie z pórovitého betónu 
260 |a Bratislava :  |b SVŠT v Bratislave,  |c 1968 
300 |a 238 s 
996 |b 284V024569  |c V*250/S-75  |l VVS  |s A  |a 24  |w stu93262_0001